Personnages de la Guerre de Troie - Énigme - Statistiques

Statistiques générales
  • Ce quiz a été pris 1 225 fois
  • Le résultat moyen est 11 sur 26
Statistiques - réponses
Enigme Personnage % Correct
Hector A est le plus grand guerrier de Troie Hector
96%
Achille E tue A Achille
83%
Paris N est le frère de A Paris
72%
Hélène K est enlevée par N Hélène
69%
Ménélas G est le mari de K Ménélas
57%
Priam C est le père de N Priam
57%
Patrocle I est l'amant de E Patrocle
55%
Agamemnon P est le frère de G Agamemnon
54%
Athéna L est la protectrice de Y Athéna
53%
Ulysse Q amène E à rejoindre la guerre Ulysse
51%
Héphaïstos U façonne les armes de E Héphaïstos
50%
Héra D est la mère de U Héra
50%
Zeus B est le mari de D Zeus
50%
Aphrodite O est la fille de B Aphrodite
42%
Cassandre W est la fille de C Cassandre
42%
Apollon M aide N à tuer E Apollon
32%
Arès V a une liaison avec O Arès
30%
Ajax le Grand J affronte Q pour gagner les armes de E Ajax le Grand
27%
Andromaque R est la mère de X Andromaque
23%
Énée F est le fils d'O Énée
23%
Briséis T est livrée par E à P Briséis
22%
Diomède Y blesse O et V Diomède
21%
Astyanax X est le fils de A Astyanax
17%
Hécube S est la mère de W Hécube
14%
Ajax le Petit Z traîne W hors du temple de L Ajax le Petit
12%
Poséidon H sauve F d'une attaque de E Poséidon
12%
Aucun quiz correspondant
Distribution des résultats
% des personnes avec chaque résultat
Percentile par nombre de réponses
Votre historique - résultats
Vous n’avez pas pris ce quiz